LEADER 00998nam2-22003251i-450- 001 990000216150403321 035 $a000021615 035 $aFED01000021615 035 $a(Aleph)000021615FED01 035 $a000021615 100 $a20011111d--------km-y0itay50------ba 101 0 $aita 105 $ay-------001yy 200 1 $a1. : III, 190 p. : ill. 210 $aPhiladelphia$cASTM$d1957- 215 $av.$d23 cm 225 1 $aASTM special technical pubblication$v208 461 0$1001000008451$12001$aSymposium on radiation effects on materials 610 0 $aMateriali$aEffetti delle radiazioni$aCongressi$a1956 610 0 $aCongressi$aLos Angeles$a1956 676 $a620.1 710 12$aSYMPOSIUM ON RADIATION EFFECTS ON MATERIALS, Los Angeles, 1956$05705 801 0$aIT$bUNINA$gRICA$2UNIMARC 901 $aBK 912 $a990000216150403321 952 $a13 G 11 13$b23161/1$fFINBC 959 $aFINBC 996 $a1. : III, 190 p. : ill$9123235 997 $aUNINA DB $aING01